1965 1343 1187 1443 1217 1016 1598 1933 1876 1720 1112 1142 1624 1066 1261 1621 1563 1270 1025 1179 1653 1974 1824 1396 1331 1292 1561 1383 1771 1860 1307 1259 1444 1619 1242 1712 1996 1145 1592 1518 1659 1366 1244 1404 1198 1047 1744 1375 1837 1657 1794 1975 1053 1607 1663 1568 1935 1541 1683 1193 1208 1387 1549 1139 1756 1465 1164 1337 1560 1864 1069 1544 1366 1183 1029 1930 1618 1190 1078 1552 1125 1383 1456 1508 1665 1238 1804 1739 1868 1218 1299 1135 1465 1084 1655 1377 1653 1070 1479 BCNSPRNW ULIB Ver.6.0+V

เปลี่ยนเป็นภาษาไทย

Change to English
 แสดงรายละเอียดบรรณานุกรม
  กลับหน้าหลัก

Brief Record : Get Marc (ISO 2709) : E-mail record : QR code < ปิดหน้าต่าง
LEADER : 00000nam 2200000uu 4500
001    13399121768
003     ULIB
008    121204s2550||||th 000 0 tha d
020    ^a9789747464641
060 04 ^aWE725^bก145ร 2550
245 00 ^aโรคกระดูกสันหลังเสื่อม =^bDegenerative disease of the spine /^cก่อกู้ เชียงทอง, ต่อพงษ์ บุญมาประเสริฐ, บรรณาธิการ
246 31 ^aDegenerative disease of the spine
250    ^aพิมพ์ครั้งที่ 1
260    ^aเชียงใหม่ :^bคณะแพทยศาสตร์ มหาวิทยาลัยเชียงใหม่,^c2550
300    ^axviii, 301 หน้า :^bภาพประกอบ ;^c27 ซม.
650  7 ^aกระดูกสันหลัง, โรค
700 0  ^aก่อกู้ เชียงทอง,^eบรรณาธิการ
700 0  ^aต่อพงษ์ บุญมาประเสริฐ,^eบรรณาธิการ
710 2  ^aมหาวิทยาลัยเชียงใหม่.^bคณะแพทยศาสตร์
945    ^p250^l0^i14217
995    ^aกัณชพร
999 ^a ใช้งานได้ทุกระบบ
รายการนี้ยังไม่มีแท็ก
คุณยังไม่ได้ล็อกอิน คุณสามารถมีกิจกรรมร่วมกับเว็บไซต์ได้ แต่ต้องล็อกอินก่อน ::
  ล็อกอิน

รายการสื่อสารสนเทศ

ลำดับที่ ประเภท เลขเรียก/บาร์โค้ด สถานที่ สถานะ
1. วิทยาศาสตร์การแพทย์ และสุขภาพ
วิทยาศาสตร์การแพทย์ และสุขภาพ
WE725 ก145ร 2550  
  Barcode: 14217
ห้องสมุดวิทยาเขตสวรรค์ประชารักษ์
►ส่วนจัดเก็บหนังสือเก่า สปร
บนชั้น
  ขอยืม

รายการใกล้เคียง
    หัวเรื่อง [กระดูกสันหลัง, โรค]

BibComment


ยังไม่เคยถูกคอมเมนท์

คอมเมนท์ทรัพยากรรายการนี้
  คอมเมนท์: โรคกระดูกสันหลัง..


 Copyright 2026. Bcnsprnw @Library